[Event "World Blitz 2023"]
[Site "Samarkand UZB"]
[Date "2023.12.30"]
[Round "18.66"]
[White "Amilal, Munkhdalai"]
[Black "Botiraliev, Abdumajid"]
[Result "1-0"]
[WhiteElo "2293"]
[BlackElo "1515"]
[EventDate "2023.12.29"]

1. e4 e5 2. Nf3 Nc6 3. Bb5 a6 4. Ba4 Nf6 5. O-O Be7 6. Re1 b5 7. Bb3 d6 8.
c3 O-O 9. h3 Bb7 10. d4 Re8 11. Nbd2 Bf8 12. Ng5 Re7 13. Ngf3 g6 14. d5 Nb8
15. Nf1 Bg7 16. Bg5 Nbd7 17. Qd2 Re8 18. N1h2 Nc5 19. Bc2 Qd7 20. b4 Na4
21. Bxa4 bxa4 22. c4 c6 23. Bxf6 Bxf6 24. Ng4 Bg7 25. Ne3 Bh6 26. Qd3 Bxe3
27. Qxe3 cxd5 28. cxd5 Qb5 29. Qh6 f6 30. Rac1 Rac8 31. Nh2 Qd7 32. Ng4 Qg7
33. Qh4 Rf8 34. Rxc8 Bxc8 35. Rc1 f5 36. exf5 Bxf5 37. Nh6+ Kh8 38. Nxf5
gxf5 39. Rc3 f4 40. Qg4 Qf7 41. Qf3 Rb8 42. a3 Qf5 43. Rc6 e4 44. Qc3+ Kg8
45. Rxd6 f3 46. Qf6 Qxf6 47. Rxf6 fxg2 48. Rxa6 Rd8 49. Rxa4 Rxd5 50. Kxg2
Rd2 51. Kf1 Rd3 52. b5 Rxh3 53. b6 Rb3 54. Rb4 1-0

[Event "World Blitz 2023"]
[Site "Samarkand UZB"]
[Date "2023.12.30"]
[Round "18.67"]
[White "Sklokin, Sergey"]
[Black "Averin, Nikolay"]
[Result "0-1"]
[WhiteElo "1995"]
[BlackElo "2283"]
[EventDate "2023.12.29"]

1. e4 Nf6 2. e5 Nd5 3. d4 d6 4. exd6 cxd6 5. c3 g6 6. Nf3 Bg7 7. Bc4 Nb6 8.
Bb3 O-O 9. O-O Nc6 10. Be3 d5 11. Nbd2 Bg4 12. h3 Bxf3 13. Nxf3 e6 14. Re1
Na5 15. Bf4 Nbc4 16. Qe2 Rc8 0-1

[Event "World Blitz 2023"]
[Site "Samarkand UZB"]
[Date "2023.12.30"]
[Round "18.68"]
[White "Markov, Mikhail"]
[Black "Xie, Felix"]
[Result "1-0"]
[WhiteElo "2255"]
[BlackElo "2107"]
[EventDate "2023.12.29"]

1. c4 Nf6 2. Nf3 g6 3. g3 Bg7 4. Bg2 d5 5. cxd5 Nxd5 6. O-O O-O 7. d4 Nb6
8. Nc3 Nc6 9. d5 Nb4 10. e4 e6 11. a3 Na6 12. Bg5 Qe8 13. Re1 Nc5 14. Rc1
Bd7 15. b4 Na6 16. d6 f6 17. Be3 Rc8 18. Qd3 c5 19. e5 cxb4 20. Ne4 fxe5
21. Rxc8 Qxc8 22. Rc1 Qd8 23. Bg5 Qb8 24. Be7 Rf7 25. Nfg5 Nd5 26. Nxf7
Kxf7 27. Ng5+ Ke8 28. Bxd5 exd5 29. Qxd5 Bf5 30. Qf7+ Kd7 31. Bf8+ Kd8 32.
Qe7# 1-0

[Event "World Blitz 2023"]
[Site "Samarkand UZB"]
[Date "2023.12.30"]
[Round "18.69"]
[White "Vakhidov, Daler"]
[Black "Khusenkhojaev, Mustafokhuja"]
[Result "1-0"]
[WhiteElo "2110"]
[BlackElo "2082"]
[EventDate "2023.12.29"]

1. Nf3 Nf6 2. g3 g6 3. d4 d5 4. Bg2 Bg7 5. c4 c6 6. O-O O-O 7. Nc3 dxc4 8.
a4 Na6 9. h3 c5 10. d5 Nb4 11. e4 Nd3 12. Nd2 Nxc1 13. Rxc1 Bh6 14. f4 Nd7
15. Nxc4 Nb6 16. Ne5 Bg7 17. Kh2 Bxe5 18. fxe5 Nd7 19. e6 fxe6 20. Rxf8+
Nxf8 21. Qf3 exd5 22. Rf1 Qe8 23. exd5 Bf5 24. g4 Bd7 25. Ne4 Qb8+ 26. Kh1
Qe5 27. d6 Kh8 28. dxe7 Qxe7 29. Qc3+ Qg7 30. Nf6 Bc6 31. Bxc6 bxc6 32.
Qxc5 Rb8 33. b4 a6 34. g5 Ne6 35. Qd6 Qg8 36. h4 Qd8 37. Qxe6 Rxb4 38. Qe5
Rxh4+ 39. Kg2 Qd2+ 40. Rf2 Rg4+ 41. Nxg4+ 1-0

[Event "World Blitz 2023"]
[Site "Samarkand UZB"]
[Date "2023.12.30"]
[Round "18.70"]
[White "Wanyama, Harold"]
[Black "Ilkhomi, Jaloliddin"]
[Result "0-1"]
[WhiteElo "2228"]
[BlackElo "2054"]
[EventDate "2023.12.29"]

1. d4 Nf6 2. c4 e6 3. g3 d5 4. Bg2 b6 5. cxd5 exd5 6. Nc3 Bb7 7. Nf3 a6 8.
Ne5 Bd6 9. O-O O-O 10. Bg5 c6 11. Rc1 h6 12. Bd2 Nbd7 13. f4 c5 14. e3 Ne4
15. Nxe4 dxe4 16. Qc2 Nf6 17. Rfd1 cxd4 18. exd4 Rc8 19. Qb1 Bxe5 20. dxe5
Qd4+ 21. Kh1 Ng4 22. h3 Nf2+ 23. Kh2 Nxd1 24. Rxd1 Rfd8 25. h4 Ba8 26. e6
fxe6 27. Bh3 Qf2+ 28. Bg2 0-1

[Event "World Blitz 2023"]
[Site "Samarkand UZB"]
[Date "2023.12.30"]
[Round "18.72"]
[White "Song, Raymond"]
[Black "Zilka, Stepan"]
[Result "1/2-1/2"]
[WhiteElo "2383"]
[BlackElo "2494"]
[EventDate "2023.12.29"]

1. d4 d5 2. c4 e6 3. Nf3 Nf6 4. g3 Be7 5. Bg2 O-O 6. O-O dxc4 7. Qc2 a6 8.
a4 Bd7 9. Qxc4 Bc6 10. Bg5 a5 11. Nc3 Nbd7 12. Rfe1 Nb6 13. Qd3 Bxf3 14.
Bxf3 Nfd5 15. Bd2 Nb4 16. Qe4 c6 17. b3 N6d5 18. e3 Nxc3 19. Bxc3 Qd5 20.
Rab1 f5 21. Qf4 Qd7 22. Bxb4 Bxb4 23. Red1 Qe7 24. e4 fxe4 25. Qxe4 Rf6 26.
Bg4 Raf8 27. f4 Rg6 28. Bh5 Rh6 29. Bf3 g5 30. fxg5 Qxg5 31. Rf1 Rhf6 32.
Bg2 Bd2 33. Rxf6 Rxf6 34. Rd1 Qe3+ 35. Qxe3 Bxe3+ 36. Kh1 Kf7 37. Rf1 Bxd4
38. Rxf6+ Kxf6 39. Be4 h6 40. Kg2 Ke5 41. Bg6 b5 42. Kf3 bxa4 43. bxa4 c5
44. Bd3 Bb2 45. Ke3 Bc1+ 46. Ke2 Kd4 47. Bb5 e5 48. g4 Bg5 49. h3 c4 50.
Ba6 e4 51. Bb5 c3 52. Kd1 Kc5 53. Kc2 Kb4 54. Bc6 e3 55. Bb5 Bf4 56. h4 Bg3
57. g5 h5 58. g6 Be5 59. Be2 Kc5 60. Bxh5 Kd4 61. Be2 Bg7 1/2-1/2

[Event "World Blitz 2023"]
[Site "Samarkand UZB"]
[Date "2023.12.30"]
[Round "18.74"]
[White "Oro, Faustino"]
[Black "Amangeldy, Ernur"]
[Result "1-0"]
[WhiteElo "2105"]
[BlackElo "2144"]
[EventDate "2023.12.29"]

1. e4 c5 2. Nf3 d6 3. c3 Nf6 4. h3 g6 5. Bd3 Bg7 6. O-O O-O 7. Bc2 Nc6 8.
d4 cxd4 9. cxd4 d5 10. e5 Ne4 11. Nbd2 Bf5 12. Nb3 f6 13. exf6 exf6 14. Be3
Nb4 15. Bb1 Nd6 16. Bxf5 Nxf5 17. Bd2 Nc6 18. Re1 Re8 19. Bc3 Nd6 20. Nc5
b6 21. Nd3 Ne4 22. Qb3 Qd6 23. Rac1 Rac8 24. Bb4 Qd7 25. Nf4 Nxb4 26. Rxc8
Qxc8 27. Qxb4 Qc4 28. Qa3 a5 29. b3 Qc6 30. Qa4 b5 31. Qxa5 Ra8 32. Nxd5
Qxd5 33. Qc7 Rd8 34. Rc1 Qd7 35. Qb6 Nd6 36. Rc7 Qe6 37. Qc6 Qe4 38. Qc5
Nf7 39. Qa7 Qd5 40. a4 bxa4 41. bxa4 Bh6 42. a5 Bf4 43. Re7 Rc8 44. a6 Rc1+
45. Ne1 Bd6 46. Re8+ Kg7 47. Qb6 Ra1 48. a7 Ng5 49. Qb8 Qf5 50. Qxd6 Nxh3+
51. gxh3 Qg5+ 52. Qg3 Qb5 53. Re7+ Kh6 54. Qh4+ Qh5 55. Qxh5+ 1-0

[Event "World Blitz 2023"]
[Site "Samarkand UZB"]
[Date "2023.12.30"]
[Round "18.75"]
[White "Harutyunyan, Tigran K."]
[Black "Tregubenko, Nikolay"]
[Result "0-1"]
[WhiteElo "2407"]
[BlackElo "1955"]
[EventDate "2023.12.29"]

1. c4 Nf6 2. Nc3 g6 3. e4 d6 4. g3 Bg7 5. Bg2 O-O 6. Nge2 c5 7. d3 Nc6 8.
O-O a6 9. h3 Rb8 10. a4 Nd7 11. Be3 Nd4 12. Rb1 Nxe2+ 13. Qxe2 Ne5 14. f4
Nc6 15. f5 Nd4 16. Qd2 Bd7 17. Bh6 b5 18. axb5 axb5 19. Bxg7 Kxg7 20. Nd5
f6 21. b4 bxc4 22. dxc4 Re8 23. b5 Bc8 24. g4 g5 25. Qe3 Bb7 26. Nc3 Ra8
27. Nd5 Ra2 28. Rf2 Qa8 29. Nc7 Rxf2 30. Nxa8 Re2 31. Qg3 Rxa8 32. Bf1 Rd2
33. e5 Nf3+ 34. Kh1 Raa2 35. exf6+ exf6 36. Bg2 Rxg2 37. Qxg2 Rxg2 38. Kxg2
Nd2+ 39. Kf2 Nxb1 40. Ke3 Na3 41. Kd3 d5 42. cxd5 Bxd5 43. b6 Kf7 44. Kc3
Ke7 0-1

[Event "World Blitz 2023"]
[Site "Samarkand UZB"]
[Date "2023.12.30"]
[Round "18.76"]
[White "Yonal, Timur"]
[Black "Turayev, Shahruh"]
[Result "0-1"]
[WhiteElo "1862"]
[BlackElo "2168"]
[EventDate "2023.12.29"]

1. e4 e6 2. d4 d5 3. Nc3 Nf6 4. Bg5 Be7 5. e5 Ne4 6. Bxe7 Qxe7 7. Bd3 Nxc3
8. bxc3 b6 9. Qg4 g6 10. Nf3 Ba6 11. O-O O-O 12. h4 Bxd3 13. cxd3 h5 14.
Qf4 Kg7 15. g3 Nd7 16. Kg2 c5 17. Rh1 cxd4 18. Nxd4 f6 19. exf6+ Rxf6 20.
Qg5 Raf8 21. f4 e5 22. Rhe1 Qc5 23. fxe5 Rf2+ 24. Kg1 R2f5 25. Qe3 Rxe5 26.
Qd2 Kh7 27. Kg2 Qd6 28. Rxe5 Nxe5 29. Re1 Ng4 30. Nf3 Qf6 31. Qe2 Qxc3 32.
Ng5+ Kh8 33. Rf1 Rxf1 34. Kxf1 Qc1+ 35. Kg2 Qe3 36. Qxe3 Nxe3+ 37. Kf3 Nf5
38. Ne6 Kg8 39. Nc7 d4 40. Nb5 a6 41. Nc7 a5 42. Na8 b5 43. Nc7 b4 44. Nb5
Kf7 45. Na7 a4 46. Nc6 b3 0-1

[Event "World Blitz 2023"]
[Site "Samarkand UZB"]
[Date "2023.12.30"]
[Round "18.77"]
[White "Kuziev, Miraziz"]
[Black "Bogdan, David"]
[Result "1-0"]
[WhiteElo "2196"]
[BlackElo "1880"]
[EventDate "2023.12.29"]

1. d4 d5 2. c4 e6 3. Nc3 Nf6 4. cxd5 exd5 5. Bg5 Be7 6. e3 Bf5 7. Qb3 Bc8
8. Bxf6 Bxf6 9. Nxd5 Bg5 10. Nf3 Be7 11. Nxe7 Qxe7 12. Bd3 O-O 13. O-O c6
14. Ne5 Be6 15. Qc2 g6 16. f4 Nd7 17. Nf3 f5 18. Rae1 Rfe8 19. Bc4 Kg7 20.
b3 Rac8 21. Qc3 Bd5 22. Ne5 b5 23. Bd3 Kg8 24. a4 a6 25. axb5 cxb5 26. Qb2
Qe6 27. b4 Nb6 28. Ra1 Na4 29. Qe2 Rc3 30. Bxb5 axb5 31. Qxb5 Rc2 32. Rf2
Nc3 33. Qd3 Rxf2 34. Kxf2 Ne4+ 35. Kg1 Rc8 36. h3 Qb6 37. b5 Rc3 38. Qe2
Rc7 39. Ra6 Qb8 40. b6 Rb7 41. Qb5 Nd6 42. Qxd5+ Kg7 43. Ra7 Rxa7 44. bxa7
Qxa7 45. Qxd6 1-0

[Event "World Blitz 2023"]
[Site "Samarkand UZB"]
[Date "2023.12.30"]
[Round "19.1"]
[White "Carlsen, Magnus"]
[Black "Rapport, Richard"]
[Result "1-0"]
[WhiteElo "2887"]
[BlackElo "2748"]
[EventDate "2023.12.29"]

1. e4 e6 2. d4 d5 3. exd5 exd5 4. Nf3 Bd6 5. h3 Ne7 6. c4 c6 7. Nc3 O-O 8.
Bd3 dxc4 9. Bxc4 Nd7 10. O-O Nb6 11. Bb3 Ned5 12. Bg5 f6 13. Bd2 Be6 14.
Re1 Bf7 15. Ne4 Re8 16. a4 a5 17. Nxd6 Qxd6 18. Rxe8+ Bxe8 19. Qe1 Bh5 20.
Nh4 Re8 21. Qc1 Ra8 22. Nf5 Qd7 23. Qc5 Kh8 24. Ng3 Bf7 25. Bxa5 Nc8 26.
Re1 Nd6 27. Bb4 Nxb4 28. Qxb4 Bxb3 29. Qxb3 b5 30. Qe6 Qd8 31. axb5 cxb5
32. Ne4 Nxe4 33. Rxe4 h6 34. g3 Ra1+ 35. Kg2 Rd1 36. Qc6 Kh7 37. Qc2 Qd5
38. f3 f5 39. Qxd1 fxe4 40. Qc2 Kh8 41. Qxe4 Qb3 42. Qe2 b4 43. Qd2 Kg8 44.
d5 Kf7 45. d6 Ke8 46. Qe2+ Kd7 47. Qe7+ Kc6 48. Qc7+ Kb5 49. h4 Qxb2+ 50.
Kh3 Qe5 51. Qb7+ Kc5 52. d7 Qe6+ 53. g4 Qf6 54. Qc7+ Kb5 55. Kg3 Qa1 56.
d8=Q Qg1+ 57. Kf4 1-0

[Event "World Blitz 2023"]
[Site "Samarkand UZB"]
[Date "2023.12.30"]
[Round "19.3"]
[White "Mamedyarov, Shakhriyar"]
[Black "Artemiev, Vladislav"]
[Result "0-1"]
[WhiteElo "2716"]
[BlackElo "2799"]
[EventDate "2023.12.29"]

1. d4 d5 2. c4 c6 3. Nc3 Nf6 4. e3 e6 5. Nf3 Nbd7 6. Qc2 Bd6 7. g4 h6 8. g5
hxg5 9. Nxg5 Qe7 10. Bd2 b6 11. O-O-O Bb7 12. f4 O-O-O 13. Kb1 Kb8 14. cxd5
exd5 15. Re1 Bb4 16. Bd3 c5 17. Nf3 Ne4 18. a3 Ba5 19. dxc5 Nxd2+ 20. Qxd2
bxc5 21. Qc2 Qf6 22. Rhf1 Bxc3 23. Qxc3 Qxc3 24. bxc3 Rde8 25. Bb5 Re7 26.
h4 Nf6 27. Kb2 Ne4 28. Bd3 Kc7 29. c4 dxc4 30. Bxc4 Nd6 31. Bd3 Bxf3 32.
Rxf3 Rxh4 33. e4 Rh2+ 34. Kc3 Nc8 35. e5 Nb6 36. Be4 g6 37. Rb1 Ra2 38. Kb3
Rd2 39. Kc3 Rd4 40. Re1 Na4+ 41. Kc2 Nb6 42. Kc3 Re8 43. Kc2 Rh8 44. f5
Rh2+ 45. Kb1 Nc4 46. e6 fxe6 47. fxe6 Rxe4 48. Rxe4 Nd2+ 49. Kc1 Nxe4 50.
Rf7+ Kd6 0-1

[Event "World Blitz 2023"]
[Site "Samarkand UZB"]
[Date "2023.12.30"]
[Round "19.5"]
[White "Indjic, Aleksandar"]
[Black "Nepomniachtchi, Ian"]
[Result "1/2-1/2"]
[WhiteElo "2631"]
[BlackElo "2795"]
[EventDate "2023.12.29"]

1. e4 e5 2. Nf3 Nc6 3. Bb5 a6 4. Ba4 Nf6 5. O-O Bc5 6. d3 d6 7. Be3 Bxe3 8.
Bxc6+ bxc6 9. fxe3 O-O 10. Nbd2 Ng4 11. Qe2 f5 12. h3 Nh6 13. Rf2 Be6 14.
Raf1 Qe7 15. b3 c5 16. exf5 Nxf5 17. Kh2 h6 18. g4 Nh4 19. Nxh4 Qxh4 20.
Rxf8+ Rxf8 21. Rxf8+ Kxf8 22. Kg2 Kg8 23. Qf2 Qg5 24. Kg3 Qg6 25. Qf3 Qg5
1/2-1/2

[Event "World Blitz 2023"]
[Site "Samarkand UZB"]
[Date "2023.12.30"]
[Round "19.6"]
[White "Vachier-Lagrave, Maxime"]
[Black "Caruana, Fabiano"]
[Result "1-0"]
[WhiteElo "2748"]
[BlackElo "2815"]
[EventDate "2023.12.29"]

1. e4 e5 2. Nf3 Nc6 3. Bb5 a6 4. Ba4 Nf6 5. O-O b5 6. Bb3 Bc5 7. c3 d6 8.
d4 Bb6 9. a4 Bg4 10. h3 Bh5 11. Bg5 Rb8 12. axb5 axb5 13. g4 Bg6 14. Re1 h6
15. Bh4 O-O 16. Na3 Re8 17. Nxb5 exd4 18. Bd5 Ne5 19. Nbxd4 Nxf3+ 20. Qxf3
Bxd4 21. cxd4 Bh7 22. Bc6 Re6 23. Bd5 Re8 24. Bxf6 gxf6 25. Qc3 Re7 26. Re3
Kg7 27. f4 c6 28. Bxc6 Rc8 29. f5 d5 30. exd5 Rxe3 31. Qxe3 Qd6 32. Ra8 Rc7
33. Qe8 Qg3+ 34. Kf1 Qxh3+ 35. Ke1 Qg3+ 36. Kd2 Qf4+ 37. Kc2 Qf2+ 38. Kb3
Qg3+ 39. Ka2 1-0

[Event "World Blitz 2023"]
[Site "Samarkand UZB"]
[Date "2023.12.30"]
[Round "19.8"]
[White "Aronian, Levon"]
[Black "Maghsoodloo, Parham"]
[Result "1-0"]
[WhiteElo "2772"]
[BlackElo "2660"]
[EventDate "2023.12.29"]

1. e4 c5 2. Nf3 d6 3. c3 Nf6 4. Be2 a6 5. O-O b5 6. d3 Nbd7 7. Be3 e5 8. a4
Rb8 9. axb5 axb5 10. Nbd2 Be7 11. h3 d5 12. Bg5 d4 13. cxd4 cxd4 14. Qb1
O-O 15. Rc1 Bb7 16. Nb3 Bb4 17. Bd2 Bxd2 18. Nfxd2 Qb6 19. Na5 Nc5 20. Bd1
Ba8 21. Qc2 Na6 22. Ndb3 Qd6 23. Be2 h5 24. h4 g6 25. g3 Nd7 26. Qd2 Rfc8
27. Rxc8+ Rxc8 28. Rc1 Rc7 29. Rxc7 Qxc7 30. Qc1 Qxc1+ 31. Nxc1 Kf8 32. f4
Ke7 33. Nab3 Kd6 34. fxe5+ Kxe5 35. Nd2 f5 36. Nf3+ Kf6 37. Nxd4 fxe4 38.
dxe4 Nac5 39. Nxb5 Ne5 40. Nc3 Nxe4 41. Nxe4+ Bxe4 42. Kf2 Bf5 43. Ke3 Bg4
44. Bxg4 Nxg4+ 45. Kd4 Ne5 46. Nd3 Nf3+ 47. Kd5 Kf5 48. b4 Nd2 49. b5 Nb3
50. b6 Na5 51. Ne5 g5 52. Nc4 gxh4 53. gxh4 Nb7 54. Nd6+ 1-0

[Event "World Blitz 2023"]
[Site "Samarkand UZB"]
[Date "2023.12.30"]
[Round "19.9"]
[White "Abdusattorov, Nodirbek"]
[Black "Jobava, Baadur"]
[Result "0-1"]
[WhiteElo "2694"]
[BlackElo "2599"]
[EventDate "2023.12.29"]

1. e4 c5 2. Nf3 e6 3. d4 cxd4 4. Nxd4 Nf6 5. Nc3 Bb4 6. Qd3 Nc6 7. Be2 d5
8. Nxc6 bxc6 9. O-O O-O 10. e5 Nd7 11. Qg3 f6 12. exf6 Nxf6 13. Bf4 d4 14.
Rad1 Bxc3 15. Bc7 Ne4 16. Bxd8 Nxg3 17. hxg3 Bxb2 18. Bc7 Rf7 19. Be5 d3
20. Bxb2 dxe2 21. Rd8+ Rf8 22. Rxf8+ Kxf8 23. Re1 Ba6 24. f3 Rd8 25. Bc3
Kf7 26. Kf2 Bc4 27. a4 Rd1 28. g4 h6 29. a5 g6 30. Be5 a6 31. c3 h5 32. g5
Ke7 33. Bg3 Kd7 34. Ke3 c5 35. Ke4 Rd5 36. Bf2 Rxg5 37. g3 Rd5 38. g4 Kc6
39. Kf4 g5+ 40. Ke4 hxg4 41. fxg4 Kb5 42. Rb1+ Kxa5 43. Rb8 Rd1 44. Ke5 Rf1
0-1

[Event "World Blitz 2023"]
[Site "Samarkand UZB"]
[Date "2023.12.30"]
[Round "19.10"]
[White "Nihal, Sarin"]
[Black "Lazavik, Denis"]
[Result "1/2-1/2"]
[WhiteElo "2689"]
[BlackElo "2556"]
[EventDate "2023.12.29"]

1. e4 e5 2. Nf3 Nc6 3. Bb5 Nf6 4. d3 Bc5 5. Bg5 h6 6. Bh4 Nd4 7. Nxd4 Bxd4
8. c3 Bb6 9. Nd2 c6 10. Ba4 d6 11. Nc4 Bc7 12. Ne3 Be6 13. Bb3 Qe7 14. O-O
g5 15. Bg3 h5 16. f3 h4 17. Bf2 d5 18. h3 O-O-O 19. Qc2 Kb8 20. Rae1 Nh5
21. Ng4 Nf4 22. exd5 Bxg4 23. fxg4 cxd5 24. Kh1 Qd6 25. Bg1 f6 26. c4 dxc4
27. Bxc4 Bb6 28. Bh2 Bd4 29. Qb3 Qc6 30. Rf3 Rd6 31. a4 Qb6 32. Qxb6 Rxb6
33. b3 Rd6 34. Ref1 a6 35. Re1 Rc8 36. Bxf4 gxf4 37. Kh2 Rb6 38. Re4 Rd6
39. Re2 Rc5 40. b4 Rc7 41. b5 a5 42. Re4 Ka7 43. Re2 Kb6 44. Re4 Kc5 45.
Rf1 Kb6 46. Rf3 Rxc4 47. dxc4 Kc5 48. Re1 Kxc4 49. Rc1+ Kd5 50. Rc7 b6 51.
Kh1 Ke4 52. Rc6 Kd5 53. Rc7 Ke4 54. Rc6 Kd5 55. Rc7 1/2-1/2

[Event "World Blitz 2023"]
[Site "Samarkand UZB"]
[Date "2023.12.30"]
[Round "19.11"]
[White "Svidler, Peter"]
[Black "Aravindh, Chithambaram Vr."]
[Result "1/2-1/2"]
[WhiteElo "2689"]
[BlackElo "2584"]
[EventDate "2023.12.29"]

1. c4 Nf6 2. g3 e6 3. Bg2 d5 4. Nf3 Be7 5. O-O O-O 6. d3 c6 7. b3 a5 8. Qc2
a4 9. bxa4 Qa5 10. Nc3 dxc4 11. dxc4 e5 12. Rb1 Nbd7 13. Nd2 Qa6 14. Rd1
Nb6 15. Qb3 Nxa4 16. Nxa4 Qxa4 17. Bb2 Qa5 18. Bc3 Qc7 19. a4 Nd7 20. a5
Nc5 21. Qc2 Be6 22. Ne4 Nxe4 23. Qxe4 f6 24. Rd2 Bc5 25. h4 Qc8 26. Qc2 Qc7
27. Qb3 Rf7 28. e3 g6 29. Rdb2 Ra7 30. Bd2 Kg7 31. Qc2 Qd8 32. Bc3 1/2-1/2

[Event "World Blitz 2023"]
[Site "Samarkand UZB"]
[Date "2023.12.30"]
[Round "19.13"]
[White "Sindarov, Javokhir"]
[Black "Andreikin, Dmitry"]
[Result "0-1"]
[WhiteElo "2607"]
[BlackElo "2741"]
[EventDate "2023.12.29"]

1. e4 c5 2. Nf3 e6 3. c3 d5 4. e5 Nc6 5. g3 g5 6. h3 d4 7. d3 h6 8. Nbd2
Bg7 9. Nc4 Nge7 10. cxd4 cxd4 11. Bg2 O-O 12. O-O Ng6 13. Re1 Rb8 14. a4 b5
15. axb5 Rxb5 16. Nxg5 Ncxe5 17. Nxe5 Nxe5 18. Nf3 Nc6 19. Nd2 Ne5 20. Nf3
Nc6 21. Nd2 Ne5 22. Nc4 Nxc4 23. dxc4 Rb4 24. b3 Rb8 25. Bf4 Rb4 26. Rxa7
Qb6 27. Ra3 Bb7 28. Bxb7 Qxb7 29. Bd6 Rd8 30. Bxb4 Qxb4 31. Ra4 Qc3 32. Ra2
d3 33. Re3 Bd4 34. Qxd3 Qc1+ 35. Kg2 Bb6 36. Qc3 Bxe3 37. Qxe3 Qb1 38. Ra7
Rd1 39. Ra8+ Kh7 40. Qc3 Qe4+ 41. Qf3 Rg1+ 42. Kxg1 Qxf3 43. Ra7 Kg7 44. b4
Qb3 45. Ra1 Qxc4 46. Rb1 Qc2 47. Re1 Qb3 48. h4 Qxb4 49. Re3 Qc4 50. Kg2
Qd5+ 51. Kg1 Qd4 52. Kg2 Kg6 53. Kg1 Kf5 54. Kg2 Qd5+ 55. Kg1 Kg4 56. Kh2
Qd2 57. Kg2 Qd5+ 58. Kh2 Qc6 59. Re1 Qf3 60. Kg1 Kh3 61. Kf1 Kh2 62. Re3
Qd1+ 63. Re1 Qd3+ 64. Re2 Qc4 65. h5 e5 66. f4+ Kxg3 0-1

[Event "World Blitz 2023"]
[Site "Samarkand UZB"]
[Date "2023.12.30"]
[Round "19.14"]
[White "Narayanan, S L"]
[Black "Grischuk, Alexander"]
[Result "1/2-1/2"]
[WhiteElo "2564"]
[BlackElo "2699"]
[EventDate "2023.12.29"]

1. d4 d5 2. c4 c6 3. Nf3 Nf6 4. Nc3 dxc4 5. a4 Bf5 6. e3 e6 7. Bxc4 Bb4 8.
O-O O-O 9. Nh4 Nbd7 10. Nxf5 exf5 11. Qc2 Nb6 12. Bb3 Qd7 13. f3 a5 14. Kh1
Rad8 15. Qf2 Nbd5 16. Bd2 Rfe8 17. Rae1 Re7 18. Re2 Rde8 19. Rfe1 h6 20. h3
h5 21. Bc2 c5 22. e4 Nc7 23. dxc5 fxe4 24. Nxe4 Nxe4 25. Bxe4 Bxd2 26. Rxd2
Qxa4 27. Rc1 Ne6 28. c6 Rc8 29. Rdc2 bxc6 30. Bxc6 Qd4 31. Qxd4 Nxd4 32.
Rc4 Nxc6 1/2-1/2

[Event "World Blitz 2023"]
[Site "Samarkand UZB"]
[Date "2023.12.30"]
[Round "19.15"]
[White "Praggnanandhaa, R"]
[Black "Ponomariov, Ruslan"]
[Result "1-0"]
[WhiteElo "2665"]
[BlackElo "2613"]
[EventDate "2023.12.29"]

1. e4 e5 2. Nf3 Nc6 3. Bc4 Nf6 4. d3 h6 5. a4 d6 6. a5 a6 7. c3 g6 8. Qb3
Qe7 9. h3 Bg7 10. O-O O-O 11. Nbd2 Nd7 12. Re1 b5 13. Bd5 Bb7 14. Qc2 Nf6
15. Ba2 Nxa5 16. Bxf7+ Qxf7 17. Rxa5 c5 18. c4 Qc7 19. Nb3 Nh5 20. Nh2 Kh7
21. Ng4 Nf4 22. Ne3 Rf7 23. Nd5 Nxd5 24. exd5 Raf8 25. Be3 Bc8 26. Rea1 b4
27. Nd2 Bf6 28. Ne4 Be7 29. Qd2 g5 30. f3 Qd7 31. Qf2 Bd8 32. Rxa6 Bxa6 33.
Rxa6 Be7 34. b3 Rg7 35. Qa2 h5 36. Ra7 Qf5 37. Qd2 Rfg8 38. Ra6 g4 39. hxg4
hxg4 40. f4 Rg6 41. Ng3 Qf7 42. f5 Rf6 43. Bg5 e4 44. dxe4 Rxg5 45. Qxg5
Rh6 46. Ra7 Bxg5 47. Rxf7+ Kg8 48. Rd7 Be3+ 49. Kf1 Bf4 50. Ne2 Be5 51. Kg1
Kf8 52. g3 Ke8 53. Ra7 Kf8 54. Kg2 Rh3 55. Nf4 Bxf4 56. gxf4 Rxb3 57. e5
Rf3 58. exd6 Ke8 59. Rc7 Rxf4 60. Rxc5 Kd7 61. Rc6 b3 62. c5 Rb4 63. Rc7+
Kd8 64. f6 b2 65. f7 Rf4 66. Rb7 Rxf7 67. Rxb2 Rf5 68. c6 1-0

[Event "World Blitz 2023"]
[Site "Samarkand UZB"]
[Date "2023.12.30"]
[Round "19.16"]
[White "Radjabov, Teimour"]
[Black "Tabatabaei, M. Amin"]
[Result "1-0"]
[WhiteElo "2664"]
[BlackElo "2573"]
[EventDate "2023.12.29"]

1. e4 e5 2. Nf3 Nc6 3. Bc4 Nf6 4. d3 Bc5 5. Nc3 h6 6. a3 a6 7. Be3 d6 8. h3
Be6 9. Nd5 Bxe3 10. fxe3 Bxd5 11. exd5 Ne7 12. e4 Ng6 13. O-O O-O 14. Qd2
Qe7 15. Rf2 Nh7 16. Re1 Ng5 17. Nxg5 Qxg5 18. Qxg5 hxg5 19. g3 f6 20. Kg2
Kf7 21. c3 Rh8 22. a4 a5 23. Rb1 Rh6 24. d4 Re8 25. Bb5 Rd8 26. Rc2 Ke7 27.
b4 Ra8 28. Be2 b6 29. Bg4 Rhh8 30. Kf3 Nf8 31. Ke3 Nd7 32. Kd3 Ra7 33. Rbc1
Rh7 34. Bf5 Rh8 35. Kc4 Rha8 36. Kb3 Kd8 37. b5 Ke7 38. h4 Rh8 39. hxg5
fxg5 40. Bxd7 Kxd7 41. Rf1 Rh3 42. Rf7+ Kc8 43. dxe5 dxe5 44. d6 Rh8 45.
Rxg7 Rd8 46. Rd2 Rb7 47. d7+ 1-0

[Event "World Blitz 2023"]
[Site "Samarkand UZB"]
[Date "2023.12.30"]
[Round "19.17"]
[White "Tomashevsky, Evgeny"]
[Black "Petrosyan, Manuel"]
[Result "1-0"]
[WhiteElo "2663"]
[BlackElo "2556"]
[EventDate "2023.12.29"]

1. e4 e5 2. Nf3 Nc6 3. Bb5 a6 4. Ba4 Nf6 5. O-O Be7 6. d3 b5 7. Bb3 d6 8.
c3 O-O 9. h3 Na5 10. Bc2 c5 11. d4 cxd4 12. cxd4 exd4 13. Nxd4 Bb7 14. Nc3
d5 15. e5 Ne4 16. Nxe4 dxe4 17. Nf5 g6 18. Qg4 h5 19. Qg3 Qd7 20. Nxe7+
Qxe7 21. Bg5 Qe6 22. Rfe1 Nc4 23. Bxe4 Bxe4 24. Rxe4 Nxb2 25. Bf6 Kh7 26.
Rh4 Qf5 27. Rf4 Qd3 28. Qg5 Nc4 29. Rh4 Qe2 30. g4 1-0

[Event "World Blitz 2023"]
[Site "Samarkand UZB"]
[Date "2023.12.30"]
[Round "19.18"]
[White "Vidit, Santosh Gujrathi"]
[Black "Daneshvar, Bardiya"]
[Result "0-1"]
[WhiteElo "2642"]
[BlackElo "2483"]
[EventDate "2023.12.29"]

1. d4 Nf6 2. c4 e6 3. Nc3 Bb4 4. e3 O-O 5. Bd3 d5 6. Nf3 dxc4 7. Bxc4 c5 8.
O-O Nc6 9. a3 Ba5 10. h3 a6 11. Bd3 h6 12. Ne4 cxd4 13. exd4 Bb6 14. Be3
Nd5 15. Qe2 Bd7 16. Rac1 Qe7 17. Nc5 Bxc5 18. dxc5 e5 19. Bd2 Rfe8 20. Rfe1
Rad8 21. Be4 Be6 22. Bb1 Bc8 23. Bc3 Nxc3 24. Rxc3 f5 25. b4 e4 26. Nd2 Qe5
27. Rcc1 Nd4 28. Qe3 Be6 29. f3 Rf8 30. Qc3 Qf4 31. fxe4 Nb5 32. Qf3 Qxd2
33. exf5 Bd5 34. Qg3 Qg5 35. Qxg5 hxg5 36. a4 Nd4 37. Re5 Nc6 38. Rxd5 Rxd5
39. Ba2 Nxb4 40. Bxd5+ Nxd5 41. Rb1 Rf7 42. g4 Rc7 43. Kf2 Nc3 44. Rb4 a5
45. Rd4 Rxc5 46. Rd8+ Kh7 47. Rd7 b6 48. f6 Ne4+ 49. Ke3 Nxf6 50. Kd4 0-1